Strange Underground Places in the UK (Map Quiz) - Statistics

General Stats
  • This quiz has been taken 44 times
  • The average score is 5 of 9
Answers on the Map
Answers color-coded by a green-red scale on the quiz's map according to % correct below.
 
Answer Stats
Answer % Correct
Wookey Hole
82%
Fingal's Cave
71%
Dan-yr-Ogof Showcaves
66%
Royston Cave
63%
Dinorwig Power Station
58%
Grimes Graves
47%
Creswell Crags
42%
Chysauster Fogou
26%
Smoo Cave
24%
No matching quizzes found
Score Distribution
Percent of People with Each Score
Percentile by Number Answered
Your Score History
You have not taken this quiz